| 000 | 00768nas a2200253 4500 | ||
|---|---|---|---|
| 001 | BR0702847 | ||
| 003 | BR-BrBNA | ||
| 005 | 20231205110831.0 | ||
| 007 | ta | ||
| 008 | 230509b bl.|||p| |||| 00| 00por d | ||
| 040 |
_aBR-BrBNA _bpor _cBiblioteca Nacional de Agricultura |
||
| 041 | _a(Pt) | ||
| 072 | _aE10 | ||
| 100 | 1 | _aCoelho, C.N. | |
| 245 | 1 | _aReforma tributária, inflação e agricultura | |
| 650 | _aINFLAÇÃO | ||
| 650 | _aPOLÍTICA MONETÁRIA | ||
| 650 | _aIMPOSTO | ||
| 650 | _aAGRICULTURA | ||
| 773 | 0 |
_tRevista de Política Agrícola (Brazil) _xISSN 1413-4969 _g(1993), v. 2(4) p. 6-8 _wBR0702847 |
|
| 856 | 4 |
_uRev_Pol_Agr_v2_n4-1993.pdf#page=7 _yRecurso eletrônico (PDF) |
|
| 909 |
_a202311 _bLúcia _c55 _dLúcia Elande |
||
| 942 |
_2AGRIS _n0 _cANA |
||
| 999 |
_c189328 _d189328 |
||